00996nam a2200253 a 450000100100000000500170001000800410002704000250006804100380009308200150013124000670014624501310021326000660034430000280041050000210043850000320045950000470049153400770053865000220061565000170063770000230065470000210067770000440069800002596220240508203146.0110217s1973 mx a r 000 | spa d aDO-SdBNPbspacBNPHU aspaheng2Código de idioma MARC a020bT255b 0aThe library, an introduction for library assistantslEspañol10aTécnicas del bibliotecario /ccompilación William C. Petru, Martha W. West ; tradución Orlando Espinosa de los Monteros. aMéxico, D. F. :bCentro Regional de Ayuda Técnica,c1973. a126 p. :bil. ;c23 cm. aIncluye glosario aBibliografía : p. 120-121 aIncluye índice alfabético : p. 123-126 aTítulo original :tThe library, an introduction for library assistants 4aBibliotecología 0aTecnología1 aPetru, William C.,1 aWest, Martha W.,1 aEspinosa de los Monteros, Orlando,etr.